00661 2200229 4500001002100000008004100021035002000062245008600082100002500168260004000193300003100233020002200264084001600286520002500302520001400327520001100341082001000352650001700362863003000379990001100409990001100420INLIS000000000015364 ind  a0010-1222000443 aYuk, Lebih Dekat Mengenal AircBambang Joko Susilo; editor, Cikal Ringgin Paneduh aBAMBANG, Joko Susilo aJakarta :bBee Media Pustaka,c2022 avii, 53 hal.: ilus.c21 cm a978-602-6587-30-5 a553.1 BAM y aBibliografi : hal.49 aGlosarium aIndeks a553.1 aGEOLOGI. AIR aSeri Pendidikan Adiwiyata a9892 a a9892 b